[Event "Valasska Bystrice op"]
[Site "Valasska Bystrice"]
[Date "2023.09.16"]
[Round "9"]
[White "Bajer, Jakub"]
[Black "Foukal, Jiri"]
[Result "1/2-1/2"]
[WhiteElo "1420"]
[BlackElo "1773"]
[PlyCount "71"]
[EventDate "2023.09.09"]
[EventType "swiss"]
[EventRounds "9"]
[EventCountry "CZE"]
[SourceTitle "EXT 2024"]
[Source "ChessBase"]
[SourceDate "2023.10.10"]
[SourceVersion "1"]
[SourceVersionDate "2023.10.10"]
[SourceQuality "1"]

1. d4 e6 2. c4 d5 3. Nf3 Nf6 4. g3 c5 5. Bg2 dxc4 6. Qa4+ Bd7 7. Qxc4 Nc6 8. 0-0 cxd4 9. Nxd4 Rc8 10. Bg5 h6 11. Bxf6 Qxf6 12. Nxc6 Bxc6 13. Nc3 Be7 14. Bxc6+ bxc6 15. Qa6 Rc7 16. Qa5 Bd8 17. Ne4 Qe7 18. Rac1 0-0 19. Rc5 f5 20. Nc3 Rb7 21. Qa3 Rxb2 22. Qxb2 Qxc5 23. Qb3 Re8 24. Na4 Qb5 25. Qc2 Bg5 26. Nc5 Kf7 27. Rb1 Qa5 28. Qc4 Bd8 29. Rd1 Qb5 30. Rd7+ Kg8 31. Qd4 Bf6 32. Qd6 Qxe2 33. Qxc6 Rb8 34. Qxe6+ Qxe6 35. Nxe6 Rb6 36. Nf4 1/2-1/2

[Event "Valasska Bystrice op"]
[Site "Valasska Bystrice"]
[Date "2023.09.14"]
[Round "7"]
[White "Foukal, Jiri"]
[Black "Hutyra, Tomas"]
[Result "1-0"]
[WhiteElo "1773"]
[BlackElo "1378"]
[PlyCount "99"]
[EventDate "2023.09.09"]
[EventType "swiss"]
[EventRounds "9"]
[EventCountry "CZE"]
[SourceTitle "EXT 2024"]
[Source "ChessBase"]
[SourceDate "2023.10.10"]
[SourceVersion "1"]
[SourceVersionDate "2023.10.10"]
[SourceQuality "1"]

1. e4 e6 2. d4 d5 3. e5 c5 4. c3 Nc6 5. Nf3 Nge7 6. Bd3 Qb6 7. 0-0 Bd7 8. Bc2 Ng6 9. a3 c4 10. Nbd2 Na5 11. Rb1 Be7 12. g3 h5 13. h4 Qd8 14. Kg2 Nf8 15. Rh1 f6 16. Nf1 fxe5 17. Nxe5 Bf6 18. Ng6 Nxg6 19. Bxg6+ Ke7 20. Bxh5 Qg8 21. Bg6 Be8 22. Qg4 Bxg6 23. Qxg6 Qf7 24. Qxf7+ Kxf7 25. f4 g6 26. Nd2 b5 27. Nf3 Rae8 28. Be3 Re7 29. Rbe1 Kg7 30. Re2 Nc6 31. Bf2 a5 32. g4 Ree8 33. Bg3 Bd8 34. Rhe1 Kf6 35. Nd2 Kf7 36. Nf3 Kf6 37. Ng5 e5 38. dxe5+ Kg7 39. Nf3 Bb6 40. Rd1 Rd8 41. Bf2 Bxf2 42. Kxf2 Rd7 43. Red2 Ne7 44. Kg3 b4 45. axb4 axb4 46. Ng5 bxc3 47. bxc3 Rb8 48. Ne6+ Kf7 49. Nd4 Ra8 50. e6+ 1-0

[Event "Valasska Bystrice op"]
[Site "Valasska Bystrice"]
[Date "2023.09.10"]
[Round "2"]
[White "Zelenka, Milan"]
[Black "Foukal, Jiri"]
[Result "1/2-1/2"]
[WhiteElo "1971"]
[BlackElo "1773"]
[PlyCount "80"]
[EventDate "2023.09.09"]
[EventType "swiss"]
[EventRounds "9"]
[EventCountry "CZE"]
[SourceTitle "EXT 2024"]
[Source "ChessBase"]
[SourceDate "2023.10.10"]
[SourceVersion "1"]
[SourceVersionDate "2023.10.10"]
[SourceQuality "1"]

1. d4 g6 2. Nf3 Bg7 3. e4 d6 4. Nc3 Nd7 5. Bc4 e5 6. Be3 Nb6 7. Be2 Bd7 8. h4 h5 9. Qd2 Qe7 10. a4 exd4 11. Nxd4 Be6 12. b3 Nd7 13. a5 a6 14. Ra4 Rd8 15. Nxe6 fxe6 16. Bg5 Ngf6 17. Qe3 Nc5 18. Rc4 Rc8 19. b4 Ncd7 20. f4 Qf7 21. 0-0 0-0 22. e5 Ne8 23. Re4 c6 24. exd6 Nxd6 25. Rxe6 Nf5 26. Qe4 Bxc3 27. Bc4 Bd4+ 28. Kh2 Kh7 29. Re7 Nxe7 30. Bxf7 Rxf7 31. Bxe7 Re8 32. Qxd4 Rexe7 33. f5 Nf6 34. fxg6+ Kxg6 35. Qd3+ Kg7 36. Qd4 Re4 37. Qc3 Rxh4+ 38. Kg1 Kg6 39. Qd3+ Kg7 40. Qc3 Rg4 1/2-1/2

[Event "Zlin Region-chT 2223"]
[Site "Czech Republic"]
[Date "2022.11.13"]
[Round "3.6"]
[White "Svoboda, Rostislav"]
[Black "Foukal, Jiri"]
[Result "1-0"]
[WhiteElo "1975"]
[BlackElo "1798"]
[PlyCount "45"]
[EventDate "2022.10.09"]
[EventType "team-tourn"]
[EventRounds "11"]
[EventCountry "CZE"]
[SourceTitle "EXT 2024"]
[Source "ChessBase"]
[SourceDate "2023.10.10"]
[SourceVersion "1"]
[SourceVersionDate "2023.10.10"]
[SourceQuality "1"]
[WhiteTeam "Zlin II"]
[BlackTeam "Valasska Bystrice Sokol"]
[WhiteTeamCountry "CZE"]
[BlackTeamCountry "CZE"]

1. d4 g6 2. e4 Bg7 3. Be3 c5 4. c3 cxd4 5. Bxd4 Bxd4 6. Qxd4 Nf6 7. Bc4 Nc6 8. Qe3 d5 9. exd5 Nxd5 10. Bxd5 Qxd5 11. Nf3 Qb5 12. Nbd2 Qxb2 13. 0-0 0-0 14. Rfb1 Qc2 15. a4 Rd8 16. Nd4 Nxd4 17. cxd4 e5 18. Rc1 exd4 19. Qg5 Qxc1+ 20. Rxc1 Be6 21. Ne4 Rac8 22. Re1 Bf5 23. Nf6+ 1-0

[Event "Valasska Bystrice op 13th"]
[Site "Valasska Bystrice"]
[Date "2022.09.14"]
[Round "6"]
[White "Oktavec, Ivan"]
[Black "Foukal, Jiri"]
[Result "0-1"]
[WhiteElo "1609"]
[BlackElo "1797"]
[PlyCount "78"]
[EventDate "2022.09.10"]
[EventType "swiss"]
[EventRounds "9"]
[EventCountry "CZE"]
[SourceTitle "CBM 210 Extra"]
[Source "ChessBase"]
[SourceDate "2022.11.30"]
[SourceVersion "1"]
[SourceVersionDate "2022.11.30"]
[SourceQuality "1"]

1. d4 g6 2. Nf3 Bg7 3. e4 d6 4. Nc3 b6 5. Bd3 c5 6. Bb5+ Bd7 7. 0-0 a6 8. Bxd7+ Nxd7 9. Be3 e6 10. Qd2 Qc7 11. Bf4 cxd4 12. Ne2 e5 13. Bg3 Ngf6 14. Qd1 Nxe4 15. Nd2 Nxg3 16. fxg3 0-0 17. Ne4 d5 18. Ng5 Qc5 19. Kh1 Rac8 20. c3 dxc3 21. Nxc3 d4 22. Nce4 Qe7 23. Rc1 Rxc1 24. Qxc1 Nc5 25. Qc4 h6 26. Nxf7 Nxe4 27. Ng5+ Kh8 28. Rxf8+ Qxf8 29. Nxe4 b5 30. Qd3 Qf7 31. Qd2 Qc4 32. h3 Qxa2 33. Qc2 Qc4 34. Qd1 d3 35. Qg4 d2 36. Kh2 d1Q 37. Qxd1 Qxe4 38. Qd8+ Kh7 39. Qb6 Qd4 0-1

[Event "Valasska Bystrice op 11th"]
[Site "Valasska Bystrice"]
[Date "2019.09.09"]
[Round "4"]
[White "Foukal, Jiri"]
[Black "Vanicek, Jan"]
[Result "1-0"]
[WhiteElo "1827"]
[BlackElo "1713"]
[PlyCount "117"]
[EventDate "2019.09.07"]
[EventType "swiss"]
[EventRounds "9"]
[EventCountry "CZE"]
[SourceTitle "EXT 2020"]
[Source "ChessBase"]
[SourceDate "2019.10.17"]
[SourceVersion "1"]
[SourceVersionDate "2019.10.17"]
[SourceQuality "1"]

1. e4 e5 2. f4 Bc5 3. Nf3 d6 4. Nc3 a6 5. fxe5 dxe5 6. Nxe5 Qd4 7. Nd3 Ba7 8. Qf3 Nf6 9. h3 0-0 10. g4 Nc6 11. Bg2 Be6 12. b3 Ne5 13. Nxe5 Qxe5 14. Bb2 Qa5 15. 0-0-0 Bd4 16. Kb1 c5 17. Nd5 Bxb2 18. Kxb2 Nd7 19. Qc3 Qxc3+ 20. Nxc3 Ne5 21. d3 b5 22. Rhe1 Rab8 23. Re3 Rfd8 24. Bf1 g6 25. Rg3 Kg7 26. Be2 Rd6 27. g5 Rbd8 28. h4 Rh8 29. h5 Rhd8 30. h6+ Kf8 31. a4 b4 32. Nb1 c4 33. bxc4 Bxc4 34. Kc1 Be6 35. Nd2 a5 36. Nf3 Nxf3 37. Rxf3 Rc8 38. Kb2 Rc5 39. Rg3 Rc3 40. Rgg1 Rdc6 41. Rc1 Bd7 42. Bg4 Be8 43. Rg2 R6c5 44. Bd1 Ke7 45. d4 R5c4 46. Rd2 Rg3 47. Be2 Rcc3 48. Bb5 Rxg5 49. e5 Bxb5 50. axb5 f6 51. exf6+ Kf7 52. d5 Rc8 53. b6 Kxf6 54. Rf1+ Ke5 55. d6 Ke6 56. d7 Rd8 57. b7 Rd5 58. Rxd5 Kxd5 59. Rd1+ 1-0

[Event "Vsetin op 43rd"]
[Site "Vsetin"]
[Date "2018.07.10"]
[Round "8"]
[White "Foukal, Jiri"]
[Black "Gratze, Michael"]
[Result "0-1"]
[WhiteElo "1856"]
[BlackElo "1890"]
[PlyCount "66"]
[EventDate "2018.07.04"]
[EventType "swiss"]
[EventRounds "9"]
[EventCountry "CZE"]
[SourceTitle "CBM 185 Extra"]
[Source "ChessBase"]
[SourceDate "2018.07.29"]
[SourceVersion "1"]
[SourceVersionDate "2018.07.29"]
[SourceQuality "1"]

1. e4 e6 2. d4 d5 3. Nd2 c5 4. c3 cxd4 5. cxd4 dxe4 6. Nxe4 Bb4+ 7. Nc3 Nc6 8. Bb5 Qb6 9. Nge2 Qxb5 10. 0-0 Qh5 11. Qa4 Nf6 12. a3 Bd6 13. h3 0-0 14. Bf4 Bxf4 15. Nxf4 Qf5 16. d5 Nxd5 17. Nfxd5 exd5 18. Rad1 Be6 19. Qb5 d4 20. Qxf5 Bxf5 21. Nb5 Rad8 22. a4 d3 23. Rd2 Nd4 24. Nxd4 Rxd4 25. b3 h5 26. Re1 Rc8 27. Re5 Rc2 28. Rd1 g6 29. f3 h4 30. Re7 d2 31. Kf2 Rc1 32. Ke2 Rxd1 33. Kxd1 Bc2+ 0-1

[Event "Vsetin op 43rd"]
[Site "Vsetin"]
[Date "2018.07.08"]
[Round "6"]
[White "Foukal, Jiri"]
[Black "Hrabovsky, Vladimir"]
[Result "0-1"]
[WhiteElo "1856"]
[BlackElo "1984"]
[PlyCount "48"]
[EventDate "2018.07.04"]
[EventType "swiss"]
[EventRounds "9"]
[EventCountry "CZE"]
[SourceTitle "CBM 185 Extra"]
[Source "ChessBase"]
[SourceDate "2018.07.29"]
[SourceVersion "1"]
[SourceVersionDate "2018.07.29"]
[SourceQuality "1"]

1. e4 c5 2. g3 Nc6 3. Bg2 g6 4. Ne2 Bg7 5. 0-0 d6 6. c3 e5 7. d3 Nge7 8. Nd2 0-0 9. Nc4 Be6 10. Ne3 d5 11. c4 d4 12. Nd5 f5 13. f4 fxe4 14. Nxe7+ Qxe7 15. Bxe4 Rac8 16. Bd2 Bf5 17. Bxf5 Rxf5 18. fxe5 Rxf1+ 19. Kxf1 Rf8+ 20. Kg2 Nxe5 21. Bf4 Ng4 22. Qd2 g5 23. Bxg5 Rf2+ 24. Kh3 Qd7 0-1

[Event "Valasska Bystrice op"]
[Site "Valasska Bystrice"]
[Date "2017.09.15"]
[Round "8"]
[White "Bartosek, Ivan"]
[Black "Foukal, Jiri"]
[Result "1/2-1/2"]
[WhiteElo "1701"]
[BlackElo "1869"]
[PlyCount "47"]
[EventDate "2017.09.09"]
[EventType "swiss"]
[EventRounds "9"]
[EventCountry "CZE"]
[SourceTitle "CBM 180 Extra"]
[Source "ChessBase"]
[SourceDate "2017.10.06"]
[SourceVersion "1"]
[SourceVersionDate "2017.10.06"]
[SourceQuality "1"]

1. e4 c5 2. c3 d6 3. d4 cxd4 4. cxd4 Nc6 5. d5 Ne5 6. f4 Nd7 7. Nf3 g6 8. Nc3 Bg7 9. Be3 Ngf6 10. Bd4 Qa5 11. Qd2 0-0 12. Bd3 Nc5 13. Bc2 b5 14. e5 Ne8 15. 0-0 b4 16. Ne4 Bd7 17. a3 Na6 18. axb4 Qxb4 19. Bc3 Qb6+ 20. Kh1 Nc5 21. Nxc5 Qxc5 22. Ra5 Qc8 23. Ng5 h6 24. Ne4 1/2-1/2

[Event "Valasska Bystrice op"]
[Site "Valasska Bystrice"]
[Date "2017.09.11"]
[Round "4"]
[White "Foukal, Jiri"]
[Black "Mitura, Karel"]
[Result "0-1"]
[WhiteElo "1869"]
[BlackElo "2158"]
[PlyCount "62"]
[EventDate "2017.09.09"]
[EventType "swiss"]
[EventRounds "9"]
[EventCountry "CZE"]
[SourceTitle "CBM 180 Extra"]
[Source "ChessBase"]
[SourceDate "2017.10.06"]
[SourceVersion "1"]
[SourceVersionDate "2017.10.06"]
[SourceQuality "1"]

1. e4 c5 2. Nf3 Nc6 3. g3 g6 4. Bg2 Bg7 5. 0-0 d6 6. d3 e5 7. Nbd2 Nge7 8. Nc4 0-0 9. c3 h6 10. Ne1 Be6 11. Ne3 Qd7 12. N3c2 d5 13. Qe2 f5 14. f4 fxe4 15. dxe4 d4 16. cxd4 cxd4 17. Nd3 b6 18. b3 a5 19. Bd2 a4 20. b4 Rac8 21. Na3 exf4 22. Rxf4 g5 23. Rxf8+ Rxf8 24. Be1 Ng6 25. Rc1 Nce5 26. Nf2 d3 27. Qd2 b5 28. Rc5 Nc4 29. Qxd3 Qxd3 30. Nxd3 Nxa3 31. Rc6 Bf7 0-1

[Event "Valasska Bystrice op"]
[Site "Valasska Bystrice"]
[Date "2017.09.10"]
[Round "2"]
[White "Foukal, Jiri"]
[Black "Volodin, Viktor Nikolaevich"]
[Result "0-1"]
[WhiteElo "1869"]
[BlackElo "2190"]
[PlyCount "66"]
[EventDate "2017.09.09"]
[EventType "swiss"]
[EventRounds "9"]
[EventCountry "CZE"]
[SourceTitle "CBM 180 Extra"]
[Source "ChessBase"]
[SourceDate "2017.10.06"]
[SourceVersion "1"]
[SourceVersionDate "2017.10.06"]
[SourceQuality "1"]

1. e4 c5 2. Nf3 Nc6 3. g3 e5 4. Bg2 g6 5. 0-0 Bg7 6. d3 Nge7 7. Nc3 0-0 8. Rb1 d6 9. a3 Bd7 10. Nb5 Qb8 11. c4 Nd4 12. Nbxd4 cxd4 13. Nd2 Qc8 14. f4 Bc6 15. a4 a5 16. b3 f5 17. Ba3 Qc7 18. fxe5 dxe5 19. Bxe7 Qxe7 20. Qe2 Bh6 21. exf5 Be3+ 22. Kh1 gxf5 23. Rfe1 e4 24. Nf1 Bh6 25. dxe4 fxe4 26. Qg4+ Bg7 27. Nd2 e3 28. Bxc6 bxc6 29. Nf3 Rad8 30. Ng5 Rde8 31. Rbd1 c5 32. h4 Rf2 33. Nh3 Qb7+ 0-1

[Event "Valasska Bystrice op"]
[Site "Valasska Bystrice"]
[Date "2015.09.15"]
[Round "5"]
[White "Hajek, Oskar"]
[Black "Foukal, Jiri"]
[Result "1-0"]
[WhiteElo "2111"]
[BlackElo "1885"]
[PlyCount "67"]
[EventDate "2015.09.12"]
[EventType "swiss"]
[EventRounds "9"]
[EventCountry "CZE"]
[SourceTitle "EXT 2016"]
[Source "ChessBase"]
[SourceDate "2015.10.08"]
[SourceVersion "1"]
[SourceVersionDate "2015.10.08"]
[SourceQuality "1"]

1. e4 e6 2. d4 d5 3. Nc3 Nf6 4. e5 Nfd7 5. f4 c5 6. Nf3 Nc6 7. Be3 a6 8. Qd2 cxd4 9. Nxd4 Nxd4 10. Bxd4 Bc5 11. Bxc5 Nxc5 12. Qd4 Qc7 13. 0-0-0 b5 14. f5 Bb7 15. fxe6 Nxe6 16. Qb4 d4 17. Bxb5+ axb5 18. Nxb5 Qxe5 19. Nd6+ Kd7 20. Nxf7 Qf4+ 21. Kb1 Bxg2 22. Qb5+ Ke7 23. Ne5 Rhb8 24. Qd7+ Kf6 25. Rhe1 Rb7 26. Qd6 Bh3 27. Rd3 Bf5 28. Rf3 Qd2 29. Nd3 Rxb2+ 30. Kxb2 Qc3+ 31. Kc1 Qa1+ 32. Kd2 Qc3+ 33. Kd1 Kg5 34. Rxf5+ 1-0

[Event "Valasska Bystrice op"]
[Site "Valasska Bystrice"]
[Date "2013.09.13"]
[Round "8"]
[White "Vanhara, Petr"]
[Black "Foukal, Jiri"]
[Result "0-1"]
[WhiteElo "1859"]
[BlackElo "1959"]
[PlyCount "88"]
[EventDate "2013.09.07"]
[EventType "swiss"]
[EventRounds "9"]
[EventCountry "CZE"]
[SourceTitle "CBM 156 Extra"]
[Source "ChessBase"]
[SourceDate "2013.10.22"]
[SourceVersion "1"]
[SourceVersionDate "2013.10.22"]
[SourceQuality "1"]

1. e4 e6 2. d4 d5 3. Nc3 Nf6 4. Bg5 Be7 5. e5 Nfd7 6. Bxe7 Qxe7 7. Qd2 a6 8. f4 c5 9. Nf3 Nc6 10. g3 b5 11. a3 Bb7 12. Bg2 Nb6 13. b3 Rc8 14. 0-0 cxd4 15. Ne2 b4 16. a4 a5 17. Kh1 Ba6 18. Rfe1 Bxe2 19. Rxe2 Qc5 20. Rd1 0-0 21. Nxd4 Nxd4 22. Qxd4 Qxd4 23. Rxd4 Rc3 24. Bf1 Rfc8 25. Rdd2 Nd7 26. Rf2 Kf8 27. Bh3 Ke7 28. Bf1 R8c7 29. Bh3 Re3 30. Rf1 Rcc3 31. Bg2 h5 32. Kg1 Nf8 33. Rff2 Ng6 34. Bf1 h4 35. gxh4 Nxh4 36. Bd3 Nf3+ 37. Kg2 Nxd2 38. Rxd2 f6 39. Kf2 Rh3 40. Kg2 Rh5 41. exf6+ gxf6 42. Kg3 Rc8 43. f5 Rg8+ 44. Kf4 e5+ 0-1

[Event "Valasska Bystrice op"]
[Site "Valasska Bystrice"]
[Date "2013.09.11"]
[Round "6"]
[White "Badacova, Irena"]
[Black "Foukal, Jiri"]
[Result "0-1"]
[WhiteElo "1858"]
[BlackElo "1959"]
[PlyCount "58"]
[EventDate "2013.09.07"]
[EventType "swiss"]
[EventRounds "9"]
[EventCountry "CZE"]
[SourceTitle "CBM 156 Extra"]
[Source "ChessBase"]
[SourceDate "2013.10.22"]
[SourceVersion "1"]
[SourceVersionDate "2013.10.22"]
[SourceQuality "1"]

1. Nf3 b6 2. d4 Bb7 3. c4 d5 4. e3 e6 5. Nc3 Nf6 6. Bd3 Be7 7. 0-0 0-0 8. a3 dxc4 9. Bxc4 c5 10. Be2 Nc6 11. dxc5 Bxc5 12. b4 Be7 13. Bb2 Nd7 14. Qa4 Bf6 15. Rfd1 Qe7 16. Bb5 Rfc8 17. Rac1 a6 18. Be2 b5 19. Qb3 Nce5 20. Nd4 Nb6 21. Rc2 Nec4 22. Ba1 Rd8 23. a4 e5 24. Nf5 Rxd1+ 25. Bxd1 Qd7 26. e4 Bxe4 27. Ng3 Bxc2 28. Qxc2 Qd2 29. Qe4 Rd8 0-1

[Event "Valasska Bystrice op"]
[Site "Valasska Bystrice"]
[Date "2013.09.09"]
[Round "4"]
[White "Nyta, Zdenek"]
[Black "Foukal, Jiri"]
[Result "1-0"]
[WhiteElo "2052"]
[BlackElo "1959"]
[PlyCount "129"]
[EventDate "2013.09.07"]
[EventType "swiss"]
[EventRounds "9"]
[EventCountry "CZE"]
[SourceTitle "CBM 156 Extra"]
[Source "ChessBase"]
[SourceDate "2013.10.22"]
[SourceVersion "1"]
[SourceVersionDate "2013.10.22"]
[SourceQuality "1"]

1. e4 e6 2. d3 d5 3. Nd2 Nf6 4. f4 dxe4 5. dxe4 Bc5 6. Bd3 Nc6 7. Nb3 Bb6 8. Qf3 Nb4 9. Ne2 Nxd3+ 10. cxd3 Bd7 11. Be3 Bxe3 12. Qxe3 Qe7 13. 0-0 b6 14. Rac1 Rc8 15. h3 a5 16. a3 Ba4 17. Nd2 0-0 18. g4 c5 19. Nc4 Nd7 20. g5 Bb5 21. Kh2 Bxc4 22. dxc4 f5 23. exf5 Rxf5 24. Ng3 Rf7 25. Rce1 Re8 26. h4 h6 27. Ne4 g6 28. Rd1 Ref8 29. Kg3 e5 30. Rxd7 Qxd7 31. Nf6+ Rxf6 32. gxf6 Rxf6 33. Qxe5 Re6 34. Qb8+ Kg7 35. Rf3 h5 36. b3 Re2 37. f5 gxf5 38. Qf4 Qe7 39. Qxf5 Qe5+ 40. Qxe5+ Rxe5 41. Kf4 Kf6 42. Rd3 Rf5+ 43. Kg3 Ke5 44. Re3+ Kd4 45. Re6 Kc3 46. Rxb6 a4 47. b4 Kxc4 48. bxc5 Kxc5 49. Rb4 Rf1 50. Rxa4 Kb5 51. Re4 Ra1 52. Kf4 Rxa3 53. Kg5 Rh3 54. Kxh5 Kc5 55. Rg4 Kd5 56. Kg6 Ke6 57. h5 Ke7 58. h6 Kf8 59. h7 Rh2 60. Rf4+ Ke8 61. Rf5 Ke7 62. Rh5 Rg2+ 63. Kh6 Kf7 64. h8Q Rg6+ 65. Kh7 1-0

[Event "Valasska Bystrice op"]
[Site "Valasska Bystrice"]
[Date "2013.09.07"]
[Round "1"]
[White "Foukal, Jiri"]
[Black "Klima, Martin"]
[Result "1-0"]
[WhiteElo "1959"]
[BlackElo "1640"]
[PlyCount "21"]
[EventDate "2013.09.07"]
[EventType "swiss"]
[EventRounds "9"]
[EventCountry "CZE"]
[SourceTitle "CBM 156 Extra"]
[Source "ChessBase"]
[SourceDate "2013.10.22"]
[SourceVersion "1"]
[SourceVersionDate "2013.10.22"]
[SourceQuality "1"]

1. e4 c5 2. Nf3 Nc6 3. g3 e6 4. Bg2 d5 5. exd5 exd5 6. 0-0 Be7 7. Re1 Nf6 8. d4 c4 9. Ne5 0-0 10. f4 Qb6 11. Nxc6 1-0